Score 0/16 Timer 02:00
0 Plays Today
Clue 4-Letter Word % Correct
Pooh is a stuffed oneBear
95.8%
Rapunzel can do this to woundsHeal
92.7%
Gaston refuses to drink moreBeer
90.7%
Turner, in Pirates of the CaribbeanWill
85.1%
Something an animator should know how to doDraw
84.1%
Dumbo can do this wellHear
84%
To wither, especially of a roseWilt
83.6%
Maleficent hails from this cursed placeHell
78.8%
Clue 4-Letter Word % Correct
Make a wish into oneWell
78%
Football player, Brees, who is going to Disney WorldDrew
73.2%
Handle of the Sword in the StoneHilt
68.6%
Fox, rabbit or bear in Song of the SouthBr'er
63.7%
Queen's poison concoction in Snow WhiteBrew
63.3%
Where the baby, Jim Jr., sleepsCrib
63.2%
Sebastian's taxonomyCrab
63.2%
Like Cinderella's scullery clothesDrab
62%

Today's Daily Dose

Remove Ads.
Support Sporcle.
Get the best of Sporcle when you Go Orange. This ad-free experience offers more features, more stats, and more fun while also helping to support Sporcle. Thank you for becoming a member.

You're not logged in!

Compare scores with friends on all Sporcle quizzes.
OR
Log In

Show Comments

Extras

Top Quizzes Today


Score Distribution

Your Account Isn't Verified!

In order to create a playlist on Sporcle, you need to verify the email address you used during registration. Go to your Sporcle Settings to finish the process.

Report this User

Report this user for behavior that violates our Community Guidelines.

Details: